| 000 | 00852nam a22002297a 4500 | ||
|---|---|---|---|
| 999 |
_c16681 _d16681 |
||
| 003 | AR-CdUCM | ||
| 008 | 190504b ||||| |||| 00| 0 spa d | ||
| 040 |
_aMUNICIPALIDAD PROVINCIAL DEL CUSCO _cBIBLIOTECA MUNICIPAL DEL CUSCO |
||
| 041 | _hlat | ||
| 082 |
_23ed. _a119.22 / _bA31 |
||
| 100 |
_aSan Agustín _936261 |
||
| 245 | _aDe la vida feliz / | ||
| 260 |
_aBuenos Aires : _bAguilar, _c1963. |
||
| 300 |
_a94 páginas ; _c16 cm. |
||
| 440 |
_aBiblioteca de iniciación filosófica ; _n30 _936262 |
||
| 505 | _aContenido: Prefacio -- Disputa del primer día, constamos de alma y cuerpo -- Quien posee a dios de tal modo que sea feliz -- Discusión del tercer día... | ||
| 650 |
_aTeología _93537 |
||
| 650 |
_aVida cristiana _936263 |
||
| 700 |
_aHerrera Bienes, Ángel (traductor) _936264 |
||
| 942 |
_2ddc _cLIBROS |
||
| 945 |
_aacv _d2019-05-04 |
||